000 01271cam a22004094i 4500
003 PE-LiUPU
005 20250731173300.0
008 150625s ag r 000 0 spa d
035 _a(Sirsi) a36059
040 _aPE-LiUPU
_bspa
_cPE-LiUPU
_erda
049 _aPRUA
082 0 4 _a220.411
_bS64
_221
130 _aBiblia.
_lBraille español.
245 1 0 _aLecturas escogidas de las Sagradas Escrituras en Braille español. /
_cSociedad Bíblica Americana.
264 1 _a[Buenos Aires] :
_bSociedad Biblica Americana,
_c[199_ ].
300 _a15 páginas ;
_c15 centímetros
336 _atext
_2rdacontent
337 _aunmediated
_2rdamedia
338 _avolume
_2rdacarrier
505 0 _aBiblia (Escritura Braille Español).
526 _aSEG42
526 _aSEG41
526 _aSEG40
526 _aSEG39
526 _aP94
526 _aP87
526 _aP86
526 _aP85
526 _aP77
526 _aP76
526 _aP35
630 _aBiblia.
_lBraille español.
942 _2ddc
_cBOOK
949 _a220.411 S64
_wDEWEY
_c1
_i55154
_lCCODEBUL1
_mBUL
_p8.00
_r0
_sY
_tBOOK
_u2015-06-25
_xTEOLOGIA
_zUNKNOWN
_0COMPRA
_o.STAFF. Colección Teología
999 _c44090
_d44090
980 _81
_gALBERTO SANCHEZ Responsable de Automatización